Chinese cities from Hanzi - Statistics

General Stats
  • This quiz has been taken 38 times
  • The average score is 5 of 10
Answer Stats
Hint Answer % Correct
北京市 Beijing
100%
长沙市 Changsha
100%
成都市 Chengdu
100%
广州市 Guangzhou
100%
南京市 Nanjing
100%
上海市 Shanghai
83%
长沙市 Changsha
67%
天津市 Tianjin
67%
武汉市 Wuhan
67%
西安市 Xi'an
67%
杭州市 Hangzhou
50%
哈尔滨市 Harbin
50%
乌鲁木齐市 Urumqi
50%
青岛市 Qingdao
33%
深圳市 Shenzhen
17%
重慶市 Chongqing
0%
合肥市 Hefei
0%
瀋陽市 Shenyang
0%
厦门市 Xiamen
0%
No matching quizzes found
Score Distribution
Percent of People with Each Score
Percentile by Number Answered
Your Score History
You have not taken this quiz